书目信息 |
| 题名: |
新日本语能力测试
|
|
| 作者: | 张正军 , 林燕 编著 | |
| 分册: | N2·词汇手册 | |
| 出版信息: | 上海 上海交通大学出版社 2010.03 |
|
| 页数: | 482页 | |
| 开本: | 19cm | |
| 丛书名: | 新启航·挑战系列 | |
| 单 册: | ||
| 中图分类: | H360.41 , H363 | |
| 科图分类: | ||
| 主题词: | 日语--ri yu--水平考试--习题 , 日语--ri yu--词汇--水平考试--习题 | |
| 电子资源: | ||
| ISBN: | 978-7-313-06290-1 | |
| 000 | 01093nam 2200301 450 | |
| 001 | 012010628988 | |
| 005 | 20100802113658.34 | |
| 010 | @a978-7-313-06290-1@dCNY32.00 | |
| 100 | @a20100802d2010 em y0chiy0120 ea | |
| 101 | 0 | @achi@ajpn |
| 102 | @aCN@b310000 | |
| 105 | @ay z 000yy | |
| 106 | @ar | |
| 200 | 1 | @a新日本语能力测试@Axin ri ben yu neng li ce shi@iN2·词汇手册@f张正军, 林燕编著@Fzhang zheng jun,lin yan bian zhu |
| 210 | @a上海@c上海交通大学出版社@d2010.03 | |
| 215 | @a482页@d19cm | |
| 225 | 2 | @a新启航·挑战系列@Axin qi hang·tiao zhan xi lie |
| 330 | @a本书为日语能力考试中N2级别的词汇手册,收入N2级单词,并注上发音、词性、释义,再配上丰富的例句,例句尽量使用历年真题,供考生复习使用。 | |
| 410 | 0 | @12001 @a新启航·挑战系列 |
| 517 | 1 | @aN2·词汇手册@AN2·ci hui shou ce |
| 606 | 0 | @a日语@Ari yu@x水平考试@j习题 |
| 606 | 0 | @a日语@Ari yu@x词汇@x水平考试@j习题 |
| 690 | @aH360.41@v4 | |
| 690 | @aH363@v4 | |
| 701 | 0 | @a张正军@Azhang zheng jun@4编著 |
| 701 | 0 | @a林燕@Alin yan@4编著 |
| 801 | 0 | @aCN@bQSSK@c20100802 |
| 905 | @b785835-37@dH360.41@eZ242@f3 | |
| 新日本语能力测试.N2·词汇手册/张正军, 林燕编著.-上海:上海交通大学出版社,2010.03 |
| 482页;19cm.-(新启航·挑战系列) |
| ISBN 978-7-313-06290-1:CNY32.00 |
| 本书为日语能力考试中N2级别的词汇手册,收入N2级单词,并注上发音、词性、释义,再配上丰富的例句,例句尽量使用历年真题,供考生复习使用。 |
| ● |
| 相关链接 |
|
|
|
正题名:新日本语能力测试
索取号:H360.41/Z242
 
预约/预借
| 序号 | 登录号 | 条形码 | 馆藏地/架位号 | 状态 | 备注 |
| 1 | 785835 | 207858353 | 语言库209/209语言库 126排1列6层/ [索取号:H360.41/Z242] | 在馆 | |
| 2 | 785836 | 207858362 | 语言库209/209语言库 126排1列6层/ [索取号:H360.41/Z242] | 在馆 | |
| 3 | 785837 | 207858371 | 语言库209/209语言库 126排1列6层/ [索取号:H360.41/Z242] | 在馆 |